Statistics for Books by Clue #1

Click here to take the quiz!

General Stats

  • This quiz has been taken 14,538 times
    (14,537 since last reset)
  • The average score is 12 of 20

Answer Stats

Clues Book % Correct
All for One, Athos, SwashbucklingThe Three Musketeers
88%
Darcy, English Snobbery, Jane AustenPride and Prejudice
84%
Panem, Teenage Combat, MockingjayThe Hunger Games
83%
X Marks the Spot, Pirates, Long John SilverTreasure Island
78%
Javert, Paris, Became a MusicalLes Misérables 
72%
Vampires, Forks, PromTwilight
69%
The Modern Prometheus, Building a Man, Mad ScientistFrankenstein
66%
Symbologist, Louvre, Opus DeiThe Da Vinci Code
66%
Jazz Age, West Egg, Car CrashThe Great Gatsby
62%
There and Back Again, Lonely Mountain, Thirteen DwarfsThe Hobbit
61%
Conch, Shipwreck, PiggyLord of the Flies
60%
Grendel, Anglo-Saxon, Epic PoemBeowulf
58%
Adultery, Puritans, Hester PrynneThe Scarlet Letter
55%
La Mancha, Chivalry, HidalgoDon Quixote
53%
Okies, Great Depression, Tom JoadThe Grapes of Wrath
51%
French Revolution, Madame Defarge, London & ParisA Tale of Two Cities
47%
Las Vegas, Mescaline, Gonzo JournalismFear and Loathing in Las Vegas
35%
Soma, Book Banning, DystopiaBrave New World
30%
John Galt, Objectivism, Rearden MetalAtlas Shrugged
24%
Melange Spice, Bene Gesserit, Pain is in the BoxDune
16%

Score Distribution

Percentile by Number Answered

Percent of People with Each Score

Your Score History

You have not taken this quiz since the last reset